Loading...
LEADER 00578nam a22001697a 4500
999 |c 278673  |d 278673 
082 |a 813.1  |b KIL/E 
100 |a كيلاني ,كامل 
100 |a Kilani, Kamil 
245 |a علاء الدين  |c Elaudhin 
260 |a Beirut:  |b الدار النموذجية للطباعة والنشر ;  |c 2010. 
650 |a short stories 
650 |a stories in arabic 
650 |a children's stories 
650 |a kamil kilani 
942 |c BK 
952 |0 0  |1 0  |4 0  |6 813_100000000000000_KIL_E  |7 0  |9 297085  |a ARA  |b ARA  |d 2020-03-13  |l 0  |o 813.1 KIL/E  |p ARA4457  |r 2020-03-13  |w 2020-03-13  |y BK